header

Introduction to autonomous mobile robots (Record no. 227878)

MARC details
000 -LEADER
fixed length control field 01467nam a2200373 a 4500
082 04 - DEWEY DECIMAL CLASSIFICATION NUMBER
Classification number 629.8/932
100 1# - MAIN ENTRY--AUTHOR NAME
Personal name Siegwart, Roland.
245 10 - TITLE STATEMENT
Title Introduction to autonomous mobile robots
250 ## - EDITION STATEMENT
Edition statement 2nd ed. /
260 ## - PUBLICATION, DISTRIBUTION, ETC. (IMPRINT)
Place of publication Cambridge, Mass. :
Name of publisher MIT Press,
Year of publication c2011.
300 ## - PHYSICAL DESCRIPTION
Number of Pages xvi, 453 p. :
Other physical details ill.
490 1# - SERIES STATEMENT
Series statement Intelligent robotics and autonomous agents
650 #0 - SUBJECT ADDED ENTRY--TOPICAL TERM
Topical Term Mobile robots.
Topical Term Autonomous robots.
700 1# - ADDED ENTRY--PERSONAL NAME
Personal name Nourbakhsh, Illah Reza,
Personal name Scaramuzza, Davide.
856 40 - ELECTRONIC LOCATION AND ACCESS
Uniform Resource Identifier http://site.ebrary.com/lib/rucke/Doc?id=10453037

No items available.

© 2026 Rongo University
Contact us: librarian | system librarian | Rongo university